书目信息 |
| 题名: |
孔乙已装修记
|
|
| 作者: | 酋长有德 著 | |
| 分册: | ||
| 出版信息: | 天津 天津人民出版社 2013.01 |
|
| 页数: | 423页 | |
| 开本: | 20cm | |
| 丛书名: | 文学馆系列丛书 | |
| 单 册: | ||
| 中图分类: | I247.57 | |
| 科图分类: | ||
| 主题词: | 长篇小说--chang pian xiao shuo--中国--当代 | |
| 电子资源: | ||
| ISBN: | 978-7-201-07877-9 | |
| 000 | 00993nam 2200289 450 | |
| 001 | CA2016000113 | |
| 005 | 20201116105103.46 | |
| 010 | @a978-7-201-07877-9@b精装@dCNY38.80 | |
| 100 | @a20130730d2013 em y0chiy50 ea | |
| 101 | 0 | @achi |
| 102 | @aCN@b120000 | |
| 105 | @ay z 000ay | |
| 106 | @ar | |
| 200 | 1 | @a孔乙已装修记@Akong yi yi zhuang xiu ji@f酋长有德著@Fqiu zhang you de zhu |
| 210 | @a天津@c天津人民出版社@d2013.01 | |
| 215 | @a423页@d20cm | |
| 225 | 2 | @a文学馆系列丛书@Awen xue guan xi lie cong shu@v08 |
| 300 | @a长篇小说 | |
| 330 | @a“你好, 我是 —— 是孔乙已, 已经的已, 不是己……你没看见‘已’比‘己’多出那么一头嘛……多出那头干什么? 呵呵, 就是为了探看家装百态呀……” | |
| 410 | 0 | @12001 @a文学馆系列丛书@v08 |
| 540 | @a孔乙已装修记 | |
| 606 | 0 | @a长篇小说@Achang pian xiao shuo@y中国@z当代 |
| 690 | @aI247.57@v5 | |
| 701 | 0 | @a酋长有德@Aqiu zhang you de@4著 |
| 801 | @aCN | |
| 901 | @a24 | |
| 905 | @a河南城建学院图书馆@b1293767-9@dI247.57@eQ775@f3 | |
| 孔乙已装修记/酋长有德著.-天津:天津人民出版社,2013.01 |
| 423页;20cm.-(文学馆系列丛书;08) |
| 长篇小说 |
| ISBN 978-7-201-07877-9(精装):CNY38.80 |
| “你好, 我是 —— 是孔乙已, 已经的已, 不是己……你没看见‘已’比‘己’多出那么一头嘛……多出那头干什么? 呵呵, 就是为了探看家装百态呀……” |
| ● |
| 相关链接 |
|
|
|
正题名:孔乙已装修记
索取号:I247.57/Q775
 
预约/预借
| 序号 | 登录号 | 条形码 | 馆藏地/架位号 | 状态 | 备注 |
| 1 | 1293767 | 212937675 | 文学库108/108文学库 51排6列2层/ [索取号:I247.57/Q775] | 在馆 | |
| 2 | 1293768 | 212937682 | 文学库108/108文学库 51排6列2层/ [索取号:I247.57/Q775] | 在馆 | |
| 3 | 1293769 | 212937699 | 文学库108/108文学库 51排6列2层/ [索取号:I247.57/Q775] |
已借出,限还日期为2024.12.27 借出人:李冯博 |